Gramática estructural

Պահպանված է:
Մատենագիտական մանրամասներ
Հիմնական հեղինակ: Alarcos Llorach, Emilio
Ձևաչափ: Գիրք
Լեզու:Undetermined
Հրապարակվել է: Madrid, España Gredos 1951
Խորագրեր:
Ցուցիչներ: Ավելացրեք ցուցիչ
Չկան պիտակներ, Եղեք առաջինը, ով նշում է այս գրառումը!

MARC

LEADER 00000nam a2200000Ia 4500
008 170316s9999 xx 000 0 und d
090 |a 415-E A-2g 
100 |a Alarcos Llorach, Emilio 
245 |a Gramática estructural 
260 |a Madrid, España 
260 |b Gredos 
260 |c 1951 
300 |a 126 páginas 
650 |a GRAMÁTICA ESPAÑOLA 
999 |c 18897  |d 18897 
040 |a cru BVZT 
942 |c 15 D  |h 415-E A-2g  |2 z